| 000 | 00564nam a2200193 a 4500 | ||
|---|---|---|---|
| 001 | 8196 | ||
| 003 | CO-ViMGA | ||
| 008 | 141112s2004 ck r 000 u spa d | ||
| 020 | _a9586016579 | ||
| 040 |
_aCO-ViMGA _bspa _cCO-ViMGA |
||
| 082 | 0 | 4 | _aCo863.44 N42o |
| 100 | 1 |
_aNieto, Adelaida _97977 |
|
| 245 | 1 | 0 |
_aOlvidando Olvidos / _cNieto Adelaida |
| 260 |
_aBogotá, _cTercer Mundo, _c1995 |
||
| 300 | _a227 p. | ||
| 590 | _aForma de adquisición : donacion - - Proveedor : Luis Ángel Arango | ||
| 650 | 1 | 4 |
_anovela colombiana - sigloxx _97978 |
| 942 |
_2ddc _cBK |
||
| 999 |
_c20008 _d20008 |
||